000
00310nam a22001337a 4500
020
_a
978-93-83197-43-9
082
_a
894.812
_b
GAN/C
100
_a
Dr.V.P.GANGADHARAN
245
_a
CANCERINE PEDIKENDA
260
_a
KOTTAYAM
_b
MANORAMA BOOKS
_c
2016
300
_a
136
650
_a
HEALTHCARE
_z
KERALA
942
_c
BK
999
_c
1063
_d
1063